000 00650nam a2200241Ia 4500
003 OSt
005 20220918174517.0
006 a|||||r|||| 00| 0
007 ta
008 220917b |||||||| |||| 00| 0 eng d
024 _a12,593
037 _cTextual
040 _aARTS
_cARTS
_beng
041 _2eng
_aeng
082 _aP0aO, M9
100 _aBirch David
_950779
245 0 _aLanguage, literature and critical practice
_b Ways of analysing text
260 _aLondon
_bRoutledge
_c1989
300 _axviii, 214p.
_ccm.
650 _aLINGUISTICS
942 _hP0aO, M9
_cTEXL
_2CC
999 _c153474
_d153474